000 00669nam a2200265Ia 4500
005 20260306164531.0
008 008 260114s9999 xx 000 0 eng d
020 _a9780191750250
037 _aEBOOK
040 _aCRL
040 _beng
040 _cCRL
041 _2eng
041 _aeng
084 _qCRL
100 _aJacques Durand, Ulrike Gut, Gjert Kristoffersen
_91131004
245 4 _aThe Oxford Handbook Of Corpus Phonology
260 _bOxford University Press
260 _c2014
650 _aLinguistics
856 _uhttps://academic.oup.com/edited-volume/38637
942 _cEBOOK
999 _c1714417
_d1714417